Catálogo

SOURCE BOOK FOR TEACHING ENGLISH OVERSEAS : (Registro nro. 22608)

Detalles MARC
000 -LEADER
fixed length control field 00556nam a2200181 a 4500
001 - CONTROL NUMBER
control field 22608
005 - DATE AND TIME OF LATEST TRANSACTION
control field 20180713220531.0
008 - FIXED-LENGTH DATA ELEMENTS--GENERAL INFORMATION
fixed length control field 140415s1981 000 0 spa d
020 ## - INTERNATIONAL STANDARD BOOK NUMBER
International Standard Book Number 435289926
041 ## - LANGUAGE CODE
Language code of text/sound track or separate title spa
082 ## - DEWEY DECIMAL CLASSIFICATION NUMBER
Classification number 428.07
Item number LEW
100 1# - MAIN ENTRY--PERSONAL NAME
Personal name LEWIS, MICHAEL
245 10 - TITLE STATEMENT
Title SOURCE BOOK FOR TEACHING ENGLISH OVERSEAS :
Remainder of title A PRACTICAL GUIDE FOR LANGUAGE ASSISTANTS
260 ## - PUBLICATION, DISTRIBUTION, ETC.
Place of publication, distribution, etc. [s.l.] :
Name of publisher, distributor, etc. HEINEMANN INTERNATIONAL,
Date of publication, distribution, etc. 1981
300 ## - PHYSICAL DESCRIPTION
Extent 119
650 14 - SUBJECT ADDED ENTRY--TOPICAL TERM
Topical term or geographic name entry element INGLES
General subdivision ENSEANZA
-- ESTUDIANTES EXTRANJEROS
700 1# - ADDED ENTRY--PERSONAL NAME
Personal name HILL, JIMMIE
Relator term coaut.
Existencias
Withdrawn status Lost status Source of classification or shelving scheme Damaged status Not for loan Collection code Home library Current library Shelving location Date acquired Source of acquisition Inventory number Total Checkouts Total Renewals Full call number Barcode Date last seen Date last checked out Price effective from Koha item type
    Dewey Decimal Classification     General Biblioteca Karol Wojtyla Biblioteca Karol Wojtyla Sala general 03/12/2013 Compra 151000000000000000042124 1 1 428.07 LEW 43213 05/01/2026 15/07/2022 03/12/2013 Libro